Catálogo
 En Linea

El pueblo de los guanes : (Registro nro. 11242)

Detalles MARC
000 -CABECERA
campo de control de longitud fija 01113cam a2200277 a 4500
001 - NÚMERO DE CONTROL
campo de control 000011547
005 - FECHA Y HORA DE LA ÚLTIMA TRANSACCIÓN
campo de control 20200929162503.0
008 - DATOS DE LONGITUD FIJA--INFORMACIÓN GENERAL
campo de control de longitud fija 891205s1986 ck a b 000 0 spa
010 ## - NÚMERO DE CONTROL DE LA BIBLIOTECA DEL CONGRESO
Número de control de LC 86227155
020 ## - NÚMERO INTERNACIONAL ESTÁNDAR DEL LIBRO
Número Internacional Estándar del Libro 9586120120
040 ## - FUENTE DE LA CATALOGACIÓN
Centro catalogador/agencia de origen DO-SdBNP
Centro/agencia transcriptor DLC
Centro/agencia modificador DLC
043 ## - CÓDIGO DE ÁREA GEOGRÁFICA
Código de área geográfica s-ck---
050 00 - SIGNATURA TOPOGRÁFICA DE LA BIBLIOTECA DEL CONGRESO
Número de clasificación F2270.2.G8
Número de documento/Ítem A73 1986
100 2# - ENTRADA PRINCIPAL--NOMBRE DE PERSONA
Nombre de persona Ardila Diaz, Isaias.
9 (RLIN) 27314
245 13 - MENCIÓN DE TÍTULO
Título El pueblo de los guanes :
Resto del título raiz gloriosa de Santander /
Mención de responsabilidad, etc. Isaias Ardila Diaz.
250 ## - MENCIÓN DE EDICIÓN
Mención de edición 2a ed.
260 ## - PUBLICACIÓN, DISTRIBUCIÓN, ETC.
Lugar de publicación, distribución, etc. Bogota :
Nombre del editor, distribuidor, etc. Instituto Colombiano de Cultura, Subdireccion de Comunicaciones Culturales, Division de Publicaciones,
Fecha de publicación, distribución, etc. c1986.
300 ## - DESCRIPCIÓN FÍSICA
Extensión 550 p. :
Otras características físicas ill. ;
Dimensiones 22 cm.
440 #0 - MENCIÓN DE SERIE/PUNTO DE ACCESO ADICIONAL--TÍTULO
Título Coleccion Autores nacionales ;
Designación de volumen o secuencia 3a ser., no. 4
9 (RLIN) 27315
504 ## - NOTA DE BIBLIOGRAFÍA, ETC.
Nota de bibliografía, etc. "Biobibliografia": p. 539-544.
650 #0 - PUNTO DE ACCESO ADICIONAL DE MATERIA--TÉRMINO DE MATERIA
Término de materia o nombre geográfico como elemento de entrada Guane indians
Subdivisión general Government relations.
9 (RLIN) 27316
650 #0 - PUNTO DE ACCESO ADICIONAL DE MATERIA--TÉRMINO DE MATERIA
Término de materia o nombre geográfico como elemento de entrada Guane indians
Subdivisión general History.
9 (RLIN) 27317
650 #0 - PUNTO DE ACCESO ADICIONAL DE MATERIA--TÉRMINO DE MATERIA
Término de materia o nombre geográfico como elemento de entrada Indians of south america
Subdivisión geográfica Colombia
-- Santander (Dept.{Rpara}
Subdivisión general History.
9 (RLIN) 27318
650 #0 - PUNTO DE ACCESO ADICIONAL DE MATERIA--TÉRMINO DE MATERIA
Término de materia o nombre geográfico como elemento de entrada Indians of south america
Subdivisión geográfica Colombia
-- Santander (Dept.{Rpara}
Subdivisión general Government relations.
9 (RLIN) 27319
910 ## - DATOS DE OPCIÓN DEL USUARIO (OCLC)
Datos de opción del usuario Catalogación por copia / LC
Existencias
Estado de retiro Estado de pérdida Restricciones de uso No para préstamo Código de colección Localización permanente Ubicación/localización actual Ubicación en estantería Fecha de adquisición Número de inventario Total de préstamos Signatura topográfica completa Código de barras Fecha visto por última vez Precio válido a partir de Tipo de ítem Koha
    Préstamo interno   Monografías: Libros y Folletos General General En catalogación 20.10.2009 LF1   11547-10 25.06.2020 25.06.2020 Préstamo interno

Con tecnología Koha